000 00485nam a22002057a 4500
003 UA-OsUOA
001 11358
007 ta
008 20050317b un ||||| |||| 00| 0 ukr d
100 _aГрин Джо
942 _cSA
040 _aUA-OsUOA
_brus
_cUA-OsUOA
_dUA-OsUOA
245 _aСтихи
300 _aС.166-172
955 _a0
041 _arus
044 _aRU
773 0 _w0
_tИностранная литература
_dМ.
_d2005
_g№1
650 7 _aВірші
_2UDC
999 _c297519
_d297519